书目信息 |
| 题名: |
园林工程
|
|
| 作者: | 刘卫斌 主编 | |
| 分册: | ||
| 出版信息: | 北京 中国科学技术出版社 2003.08 |
|
| 页数: | 391页 | |
| 开本: | 23cm | |
| 丛书名: | 21世纪高等专科高等职业学校园林专业适用教材 | |
| 单 册: | ||
| 中图分类: | TU986.3 | |
| 科图分类: | ||
| 主题词: | 园林--工程施工--高等学校--技术学校--教材 , 园林--规划 , 公园--绿化规划 | |
| 电子资源: | ||
| ISBN: | 7-5046-3614-2 | |
| 000 | 01008nam 2200277 450 | |
| 001 | 0956896343 | |
| 005 | 20220429100047.68 | |
| 010 | @a7-5046-3614-2@dCNY34.00 | |
| 100 | @a20040610d2003 km y0chiy0120 ea | |
| 101 | 0 | @achi |
| 102 | @aCN@b110000 | |
| 105 | @aa a 000yy | |
| 200 | 1 | @a园林工程@AYuan Lin Gong Cheng@f刘卫斌主编@Fliu wei bin zhu bian |
| 210 | @a北京@c中国科学技术出版社@d2003.08 | |
| 215 | @a391页@c图@d23cm | |
| 225 | 2 | @a21世纪高等专科高等职业学校园林专业适用教材 |
| 320 | @a有书目 (第391页)。 | |
| 330 | @a全书内容包括土方工程、园林给排水工程、水景工程、花坛砌体与挡土墙工程、园路工程、假山工程、栽植工程、园林供电与照明、园林工程施工与管理、园林工程概预算等共十章内容。 | |
| 410 | 0 | @12001 @a21世纪高等专科高等职业学校园林专业适用教材 |
| 606 | 0 | @a园林@x工程施工@x高等学校@x技术学校@x教材 |
| 606 | 0 | @a园林@x规划 |
| 606 | 0 | @a公园@x绿化规划 |
| 690 | @aTU986.3@v4 | |
| 701 | 0 | @a刘卫斌@Aliu wei bin@4主编 |
| 801 | 0 | @aCN@bQSSK@c20110401 |
| 905 | @a10447@dTU986.3@eL680 | |
| 园林工程/刘卫斌主编.-北京:中国科学技术出版社,2003.08 |
| 391页:图;23cm.-(21世纪高等专科高等职业学校园林专业适用教材) |
| ISBN 7-5046-3614-2:CNY34.00 |
| 全书内容包括土方工程、园林给排水工程、水景工程、花坛砌体与挡土墙工程、园路工程、假山工程、栽植工程、园林供电与照明、园林工程施工与管理、园林工程概预算等共十章内容。 |
| ● |
| 相关链接 |
|
|
|
正题名:园林工程
索取号:TU986.3/L680
 
预约/预借
| 序号 | 登录号 | 条形码 | 馆藏地/架位号 | 状态 | 备注 |
| 1 | 465048 | 204650485 | 自科二线404/404自科库 19排2列5层/ [索取号:TU986.3/L680] | 在馆 | |
| 2 | 465049 | 204650494 | 自科二线404/404自科库 19排2列5层/ [索取号:TU986.3/L680] | 在馆 | |
| 3 | 465050 | 204650500 | 建筑库201/404自科库 19排2列5层/ [索取号:TU986.3/L680] | 在馆 | |
| 4 | 465051 | 204650519 | 自科二线404/404自科库 19排2列5层/ [索取号:TU986.3/L680] | 在馆 | |
| 5 | 465052 | 204650528 | 自科二线404/404自科库 19排2列5层/ [索取号:TU986.3/L680] | 在馆 | |
| 6 | 655232 | 206552327 | 建筑库201/201建筑库 115排1列2层/ [索取号:TU986.3/L680] | 在馆 | |
| 7 | 655233 | 206552336 | 建筑库201/201建筑库 115排1列2层/ [索取号:TU986.3/L680] | 在馆 |